Normal view
MARC view
- Bajorath, Jürgen
Entry Personal Name
001 - CONTROL NUMBER
- control field: 41866
003 - CONTROL NUMBER IDENTIFIER
- control field: DLC
005 - DATE AND TIME OF LATEST TRANSACTION
- control field: 20181101120312.0
008 - FIXED-LENGTH DATA ELEMENTS
- fixed length control field: 040405n| azannaabn |n aaa
010 ## - LIBRARY OF CONGRESS CONTROL NUMBER
- LC control number: n 2004004456
035 ## - SYSTEM CONTROL NUMBER
- System control number: (OCoLC)oca06316929
040 ## - CATALOGING SOURCE
- Original cataloging agency: DLC
- Language of cataloging: eng
- Description conventions: rda
- Transcribing agency: DLC
- Modifying agency: DNLM
- Modifying agency: EG-ScBUE
100 1# - HEADING--PERSONAL NAME
- Personal name: Bajorath, Jürgen
400 1# - SEE FROM TRACING--PERSONAL NAME
- Personal name: Bajorath, Jurgen
670 ## - SOURCE DATA FOUND
- Source citation: Chemoinformatics, c2004:
- Information found: CIP t.p. (Jürgen Bajorath, Albany Molecular Research, Inc., Bothell Research Center, Bothell, WA and Univ. of Washingotn, Seattle, WA)